000 00548cam a2200181 a 4500
001 000010643
005 20250808085010.0
008 810327s1901 mau 000 0 spa
040 _aDO-SdBNP
_bspa
_cLC
_dBNPHU
082 _a510
_bW477a
100 1 _aWentworth, G. A.
_q(George Albert),
_d1835-1906.
_925767
245 1 0 _aAritmética práctica /
_cG. A. Wentworth.
260 _aBoston :
_bGinn y Compañía,
_c[1901].
300 _a328 ii-xxxviii p. ;
_c19 cm.
650 0 _aAritmética
_925768
910 _aCatalogación derivada
049 _aBNGR
999 _c10401
_d10401